|
|
|
|
| LEADER |
00929nam a2200325 4500 |
| 001 |
DLU140160452 |
| 005 |
##20140228 |
| 040 |
# |
# |
|a DLU
|b vie
|
| 041 |
# |
# |
|a vie
|
| 044 |
# |
# |
|a vn
|
| 082 |
# |
# |
|a 153.93
|b NG-H
|
| 100 |
# |
# |
|a Ngô Công Hoàn,
|c PGS.TS.
|e chủ biên.
|
| 245 |
# |
# |
|a Những trắc nghiệm tâm lý.
|n t.I,
|p trắc nghiệm về trí tuệ /
|c Ngô Công Hoàn, Nguyễn Thị Thanh Bình, Nguyễn Thị Kim Quý.
|
| 260 |
# |
# |
|a H. :
|b Đại học Quốc gia Hà Nội,
|c 1997.
|
| 300 |
# |
# |
|a 261 tr. :
|b minh hoạ ;
|c 21 cm.
|
| 650 |
# |
# |
|a Trắc nghiệm thông minh.
|
| 700 |
# |
# |
|a Nguyễn Thị Kim Quý,
|c TS.
|
| 700 |
# |
# |
|a Nguyễn Thị Thanh Bình,
|c TS.
|
| 923 |
# |
# |
|a TL
|
| 990 |
# |
# |
|a t.I
|
| 991 |
# |
# |
|a SH
|
| 992 |
# |
# |
|a 21000
|
| 994 |
# |
# |
|a DLU
|
| 900 |
# |
# |
|a True
|
| 911 |
# |
# |
|a Nguyễn Huyền Anh
|
| 925 |
# |
# |
|a G
|
| 926 |
# |
# |
|a A
|
| 927 |
# |
# |
|a SH
|
| 980 |
# |
# |
|a Thư viện Trường Đại học Đà Lạt
|